The Light Behind Your Eyes - My Chemical Romance - All Lyrics - Statistics

General Stats
  • This quiz has been taken 71 times
  • The average score is 258 of 285
Answer Stats
Answer % Correct
be
100%
Be
100%
behind
100%
eyes
100%
let
100%
light
100%
Never
100%
take
100%
the
100%
The
100%
them
100%
you
100%
You
100%
your
100%
I
97%
So
97%
to
97%
And
94%
and
94%
could
94%
if
94%
If
94%
With
94%
with
94%
would
94%
all
92%
my
92%
tonight
92%
we
92%
of
89%
one
89%
One
89%
say
89%
sleep
89%
this
89%
ends
86%
Every
86%
every
86%
friends
86%
I'll
86%
I’ll
86%
in
86%
Just
86%
just
86%
long
86%
met
86%
no
86%
tragic
86%
what
86%
always
83%
dark
83%
day
83%
day,
83%
for
83%
hand
83%
hold
83%
I'm
83%
strong
83%
they
83%
didn't
81%
fight
81%
I’d
81%
lose
81%
miss
81%
sing
81%
tell
81%
that
81%
Time,
81%
us,
81%
when
81%
When
81%
will
81%
As
78%
as
78%
bright
78%
burn
78%
goodbye
78%
knew
78%
lying
78%
not
78%
remember
78%
understand
78%
you'll
78%
fade
75%
it
75%
must
75%
only
75%
passing
75%
stronger
75%
Then
75%
way
75%
cry
72%
promise
69%
Sometimes
69%
sorry
69%
We’ll
69%
fail
67%
how
67%
today
67%
can't
64%
gone
64%
here,
64%
comes
61%
longer
61%
lost
61%
failed
58%
grow
56%
No matching quizzes found
Score Distribution
Percent of People with Each Score
Percentile by Number Answered
Your Score History
You have not taken this quiz